Statistiques concernant Pièces automobile

Cliquez ici pour prendre le quiz!

Statistiques générales

  • Ce quiz a été pris 125 fois
  • Le résultat moyen est 10 sur 16

Statistiques - réponses

Réponse% Correct
Pneu
97%
Jante
94%
Radiateur
90%
Embrayage
70%
Bielle
68%
Joint de culasse
68%
Courroie de distribution
67%
Pot d'échappement
67%
Alternateur
65%
Vilebrequin
58%
Injecteur
57%
Soupape
57%
Amortisseur
49%
Volant moteur
39%
Démarreur
38%
Biellette
24%

Distribution des résultats

Percentile par nombre de réponses

% des personnes avec chaque résultat

Votre développement - résultats

Vous n’avez pas pris ce quiz